| 000 | 00704nam a22002057a 4500 | ||
|---|---|---|---|
| 003 | OSt | ||
| 005 | 20251020034529.0 | ||
| 008 | 251020b |||||||| |||| 00| 0 eng d | ||
| 020 | _a971-685-684-2. | ||
| 040 |
_aDWC-Main Lib. _cOC |
||
| 082 | _aFil. 370.7 D278a 2007 | ||
| 100 | _aDE GUZMAN-SANTOS, ROSITA | ||
| 245 |
_aAdvanced methods in educational essessment and evaluation : _bassessment of learning 2/ _cDE GUZMAN-SANTOS, ROSITA |
||
| 260 |
_aQuezon City : _bLorimar Publishing, Inc., _cc2007. |
||
| 300 |
_avi, 103 p. ; _c25 cm. |
||
| 504 | _aIncludes bibliographical references. | ||
| 650 | _a1. Educational evaluation. | ||
| 700 | _aPADUA, ROBERTO N. | ||
| 942 |
_2ddc _cBK - FIL _hFil. _n0 |
||
| 999 |
_c4930 _d4930 |
||